• 首页
  • 本馆介绍
  • 公告通知
  • 最新文献
  • 馆藏检索
  • 电子资源
  • 读者导购
  • 参考咨询
  • 我的图书馆
  • 登录
  • 详细信息显示
  • 放入我的书架
  • 预约/预借图书
  • 作者相关作品
  • 分类相关作品
  • 丛书相关作品
  • 出版社相关作品

书目信息

  • 表格格式
  • 工作单格式
  • 卡片格式
题名:
听力密码
    
 
作者: 何芳芝 编著
分册:  
出版信息: 北京   中国水利水电出版社  2015.09
页数: 209页
开本: 24cm
丛书名:
单 册:
中图分类: H313.9
科图分类:
主题词: 英语--听说教学--自学参考资料
电子资源:
ISBN: 978-7-5170-3616-6
000 01042nam0 2200265 450
001 0102100407
005 20210402100818.0
010    @a978-7-5170-3616-6@dCNY29.80
100    @a20160108e20202015em y0chiy50 ea
101 0  @achi@aeng
102    @aCN@b110000
105    @ay z 000yy
106    @ar
200 1  @a听力密码@Ating li mi ma@e100天练成超级英语耳@f何芳芝编著
210    @a北京@c中国水利水电出版社@d2015.09@h2020.08
215    @a209页@d24cm
312    @a封面英文题名:The secret of listening
330    @a本书中,作者开发了一套“一站式”的听写录音编排模式,学习者只要在开始时按一次录音播放键,就可以在录音的引导下,一气呵成完成整个听写练习,真正做到无忧听写。书中内容素材丰富,涉及高频词汇、实用句型、妙语短篇、情景会话以及英语新闻。
510 1  @aSecret of listening@zeng
517 1  @a100天练成超级英语耳@A100 tian lian cheng chao ji ying yu er
606 0  @a英语@x听说教学@j自学参考资料
690    @aH313.9@v5
701  0 @a何芳芝@Ahe fang zhi@4编著
801  0 @aCN@bBJSZM@c20210402
905    @b1273745-9@dH313.9@e918@f5
    
    听力密码:100天练成超级英语耳/何芳芝编著.-北京:中国水利水电出版社,2015.09(2020.08)
    209页;24cm
    
    
    ISBN 978-7-5170-3616-6:CNY29.80
    本书中,作者开发了一套“一站式”的听写录音编排模式,学习者只要在开始时按一次录音播放键,就可以在录音的引导下,一气呵成完成整个听写练习,真正做到无忧听写。书中内容素材丰富,涉及高频词汇、实用句型、妙语短篇、情景会话以及英语新闻。
●
相关链接 在E读中查询图书 在五车中查询图书 在当当中查询图书 在豆瓣中查询图书


正题名:听力密码     索取号:H313.9/918         预约/预借

序号 登录号 条形码 馆藏地/架位号 状态 备注
1 1273745   212737458   第二样本阅览室/ [索取号:H313.9/918] 在馆    
2 1273746   212737467   教育系资料室/ [索取号:H313.9/918] 在馆    
3 1273747   212737476   教育系资料室/ [索取号:H313.9/918] 在馆    
4 1273748   212737485   第四借阅区/ [索取号:H313.9/918] 在馆    
5 1273749   212737494   第四借阅区/ [索取号:H313.9/918] 在馆    
唐山师范学院图书馆 欢迎您!
大连网信软件有限公司© 版权所有